Szczegóły MARC21

Adaptacja w relacjach business-to-business : uwarunkowania i efekty /

003 -Nazwa inst., której nr kontr. jest w polu 001 [,]
    • @
    • Nazwa instytucji, której n kontrolny jest w polu 001
    • NUKAT
005 -DATA I CZAS OSTATNIEJ MODYFIKACJI [,]
    • @
    • pole kontrolne
    • 20241231113124.0
020 -Międzynarod. znormalizowany nr książki - ISBN [ , ]
    • a
    • Numer ISBN
    • 9788374178204 Find
040 -Instytucja sporządzająca opis [ , ]
    • a
    • Instytucja, która sporządziła opis (NP)
    • POZN 004/KSZ
    • b
    • Język katalogowania
    • pol
    • e
    • Zasady katalogowania
    • rda
    • c
    • Instytucja, która sporządziła rekord (NP)
    • POZN 004/KSZ
    • d
    • Instytucja, która zmodyfikowała rekord (P)
    • POZN 004/LK
    • d
    • Instytucja, która zmodyfikowała rekord (P)
    • POZN U/HAs
    • d
    • Instytucja, która zmodyfikowała rekord (P)
    • WR U/DFs
    • d
    • Instytucja, która zmodyfikowała rekord (P)
    • KR 93/BJs
    • d
    • Instytucja, która zmodyfikowała rekord (P)
    • POZN 004/PJ
942 -Rodzaj dokumentu [ , ]
    • c
    • Rodzaj dokumentu
    • Książka
100 -Hasło główne - nazwa osobowa [1, ]
    • a
    • Nazwa osobowa (NP)
    • Leszczyński, Grzegorz.
    • e
    • Rodzaj współpracy
    • Autor
    • 9
    • KHW
    • 48024
245 -Strefa tytułu i oznaczenia odpowiedzialności [1,0]
    • a
    • Tytuł
    • Adaptacja w relacjach business-to-business : Find
    • b
    • Ciąg dalszy tytułu (NP)
    • uwarunkowania i efekty / Find
    • c
    • Pozostałe elementy strefy tytułu i oznaczenia odpowiedzialności (NP)
    • Grzegorz Leszczyński ; Uniwersytet Ekonomiczny w Poznaniu.
260 -Strefa adresu wydawniczego [ , ]
    • a
    • Miejsce wydania (P)
    • Poznań :
    • b
    • Nazwa wydawcy (P)
    • Wydawnictwo Uniwersytetu Ekonomicznego,
    • c
    • Data wydania (P)
    • 2014.
300 -Strefa opisu fizycznego [ , ]
    • a
    • Określenie formy książki i/lub objętość (NP)
    • 226, [1] strona :
    • b
    • Oznaczenie ilustracji (NP)
    • ilustracje ;
    • c
    • Format (NP)
    • 23 cm.
336 -Typ zawartości [ , ]
    • a
    • Termin opisujący typ zawartości
    • Tekst
    • b
    • Kod określający zawartość
    • txt
    • 2
    • Źródło (terminu i kodu)
    • rdacontent
337 -Typ mediów [ , ]
    • a
    • Tryb odtwarzania
    • Bez urządzenia pośredniczącego
    • b
    • Kod typu mediów
    • n
    • 2
    • Źródło (terminu i kodu)
    • rdamedia
338 -Typ/rodzaj nośnika [ , ]
    • a
    • Hasło opisujące typ nośnika
    • Wolumin
    • b
    • Kod typu nośnika
    • nc
    • 2
    • Źródło (terminu i kodu)
    • rdacarrier
380 -Deskryptor - Forma dzieła (P) [ , ]
    • a
    • forma dzieła (NP)
    • Książki
380 -Deskryptor - Forma dzieła (P) [ , ]
    • a
    • forma dzieła (NP)
    • Publikacje naukowe
388 -Deskryptor - czas powstania dzieła (P) [1, ]
    • a
    • Czas powstania dzieła (NP)
    • 2001-
504 -Uwaga dot. bibliogr. załącznikowej [ , ]
    • a
    • Uwaga dot. bibliografii załącznikowej
    • Bibliografia na stronach 211-[227].
530 -Uwaga dot. innej postaci fizycznej dokumentu [ , ]
    • a
    • Uwaga dot. innej postaci fizycznej dokumentu
    • Dostępne również w wersji elektronicznej.
080 -Uniwersalna Klasyfikacja Dziesiętna [ , ]
    • 2
    • Identyfikator wydania tablic
    • UDC-P058
    • 9
    • UKD
    • 5644
    • a
    • Symbol klasyfikacji
    • 658.8
    • b
    • Dopowiedzenie
    • Rozprowadzanie towarów. Zbyt. Sprzedaż. Sprzedaż hurtowa, detaliczna. Sklepy. Domy towarowe.
080 -Uniwersalna Klasyfikacja Dziesiętna [ , ]
    • 2
    • Identyfikator wydania tablic
    • UDC-P058
    • 9
    • UKD
    • 3296
    • a
    • Symbol klasyfikacji
    • 339.138
    • b
    • Dopowiedzenie
    • Marketing. Badania marketingowe.
080 -Uniwersalna Klasyfikacja Dziesiętna [ , ]
    • 2
    • Identyfikator wydania tablic
    • UDC-P058
    • 9
    • UKD
    • 2190
    • a
    • Symbol klasyfikacji
    • 005.56
    • b
    • Dopowiedzenie
    • Zarządzanie. Współpraca. Współdziałanie. Współudział.
650 -Hasło przedmiotowe [ ,7]
    • a
    • Hasło przedmiotowe
    • Komunikacja w zarządzaniu.
    • 2
    • Źródło terminu
    • kaba
    • 9
    • KHW
    • 114901
650 -Hasło przedmiotowe [ ,7]
    • a
    • Hasło przedmiotowe
    • Adaptacja społeczna.
    • 2
    • Źródło terminu
    • kaba
    • 9
    • KHW
    • 100512
650 -Hasło przedmiotowe [ ,7]
    • a
    • Hasło przedmiotowe
    • Marketing przemysłowy.
    • 2
    • Źródło terminu
    • kaba
    • 9
    • KHW
    • 118392
650 -Hasło przedmiotowe [ ,7]
    • a
    • Hasło przedmiotowe
    • Marketing relacyjny.
    • 2
    • Źródło terminu
    • kaba
    • 9
    • KHW
    • 118393
650 -Hasło przedmiotowe [ ,7]
    • a
    • Hasło przedmiotowe
    • Relacje z klientami
    • x
    • Określnik rzeczowy
    • zarządzanie.
    • 2
    • Źródło terminu
    • kaba
    • 9
    • KHW
    • 149694
980 -Symbol UKD [ , ]
    • a
    • UKD
    • 658.8:339.138:005.56
710 -Hasło dodatkowe - nazwa ciała zbiorowego [2, ]
    • a
    • Nazwa ciała zbiorowego lub nazwa geograficzna jako pierwszy element (NP)
    • Uniwersytet Ekonomiczny (Poznań).
    • b
    • Nazwa jednostki podrzędnej (P)
    • Wydawnictwo.
    • e
    • Rodzaj współpracy
    • Wydawca
    • 4
    • Kod relacji
    • pbl
    • 9
    • KHW
    • 62085
856 -Dostęp do wersji elektronicznej [4,1]
    • z
    • Uwaga
    • Dostęp bezpłatny po rejestracji w repozytorium CEEOL
920 -ISBN [ , ]
    • a
    • ISBN
    • 978-83-7417-820-4 Find
Lokalizacja Data inwentaryzacji Numer inwentarzowy Status udost.
BE2015-04-29E.75804-2
BE2019-01-11S.95886-2